[Event "Titled Tuesday intern op 6th June"]
[Site "Chess.com INT"]
[Date "2020.06.02"]
[Round "3"]
[White "Gevorgyan, Maria"]
[Black "Lopez Rueda, Juan Pablo"]
[Result "1-0"]
[WhiteElo "2228"]
[BlackElo "1884"]
[PlyCount "123"]
[EventDate "2020.06.02"]
[EventType "swiss (blitz)"]
[EventRounds "10"]
[EventCountry "USA"]
[SourceTitle "CBM 196 Extra"]
[Source "ChessBase"]
[SourceDate "2020.07.31"]
[SourceVersion "1"]
[SourceVersionDate "2020.07.31"]
[SourceQuality "1"]

1. e4 c5 2. Nc3 d6 3. d4 cxd4 4. Qxd4 Nc6 5. Qd2 g6 6. b3 Bg7 7. Bb2 Nf6 8. 0-0-0 0-0 9. f3 a5 10. a4 Nd7 11. h4 Nc5 12. h5 Be6 13. Kb1 Nb4 14. hxg6 hxg6 15. Qg5 Re8 16. Qh4 f6 17. Nge2 Kf7 18. Nf4 Rh8 19. Qg3 Rxh1 20. Qxg6+ Kf8 21. Nh5 Rxh5 22. Qxh5 Bf7 23. Qh3 Qc8 24. g4 Ne6 25. Bb5 Ng5 26. Qg3 Qc5 27. f4 Nxe4 28. Qf3 Nxc3+ 29. Bxc3 Rc8 30. Kb2 Bd5 31. Qh3 Be4 32. f5 Bxc2 33. Rh1 Bd3 34. Bxb4 Qc2+ 35. Ka1 axb4 36. Qxd3 Qxd3 37. Bxd3 Rc3 38. Bc4 e6 39. Rd1 d5 40. Bb5 exf5 41. gxf5 Rxb3 42. Rxd5 Bh6 43. Rd3 Rxd3 44. Bxd3 b6 45. Kb2 Ke7 46. Kb3 Bd2 47. Kc4 Kd6 48. Kb5 b3 49. Kxb6 b2 50. a5 Be3+ 51. Kb7 Ke5 52. a6 Kd4 53. Bb1 Kc3 54. a7 Bxa7 55. Kxa7 Kd2 56. Kb6 Kc1 57. Be4 b1Q+ 58. Bxb1 Kxb1 59. Kc5 Kc2 60. Kd5 Kd3 61. Ke6 Kc4 62. Kxf6 1-0

[Event "Titled Tuesday intern op 6th June"]
[Site "Chess.com INT"]
[Date "2020.06.02"]
[Round "1"]
[White "Lopez Rueda, Juan Pablo"]
[Black "Machidon, Cristi"]
[Result "0-1"]
[WhiteElo "1884"]
[BlackElo "2266"]
[PlyCount "118"]
[EventDate "2020.06.02"]
[EventType "swiss (blitz)"]
[EventRounds "10"]
[EventCountry "USA"]
[SourceTitle "CBM 196 Extra"]
[Source "ChessBase"]
[SourceDate "2020.07.31"]
[SourceVersion "1"]
[SourceVersionDate "2020.07.31"]
[SourceQuality "1"]

1. e4 c6 2. d4 d5 3. Nc3 dxe4 4. Nxe4 Bf5 5. Ng3 Bg6 6. h4 h6 7. Nf3 Nf6 8. Ne5 Bh7 9. h5 e6 10. Bd3 Qxd4 11. Nf3 Bb4+ 12. Bd2 Bxd2+ 13. Qxd2 Qxb2 14. 0-0 Bxd3 15. Qxd3 Qb5 16. c4 Qc5 17. Rab1 b6 18. Rfe1 0-0 19. Re5 Qe7 20. a4 Rd8 21. Qe2 Nbd7 22. Re3 Nc5 23. a5 Qc7 24. axb6 axb6 25. Qb2 Ra6 26. Qe5 Qxe5 27. Nxe5 Rc8 28. Ne2 Nfd7 29. Nxd7 Nxd7 30. Rd3 Nc5 31. Rd6 Ne4 32. Rd4 f5 33. f3 Nf6 34. Rd6 Kf7 35. Nf4 e5 36. Nd3 e4 37. Nf4 Ra4 38. Rxb6 Rxc4 39. Rb7+ Kg8 40. fxe4 Rxe4 41. Ne6 Nxh5 42. Rd8+ Rxd8 43. Nxd8 c5 44. Rc7 c4 45. Nb7 Nf4 46. Nd6 Re2 47. Rxc4 Nxg2 48. Rc8+ Kh7 49. Nxf5 Nf4 50. Rc7 Rg2+ 51. Kf1 Rg5 52. Ne3 Ne6 53. Ra7 Nc5 54. Kf2 h5 55. Ng2 Ne4+ 56. Kf3 Rg3+ 57. Kxe4 Rxg2 58. Kf4 Rg6 59. Kf3 Kh6 0-1

[Event "Titled Tuesday intern op 6th June"]
[Site "Chess.com INT"]
[Date "2020.06.02"]
[Round "4"]
[White "Lopez Rueda, Juan Pablo"]
[Black "Martinez Ramirez, Lennis"]
[Result "0-1"]
[WhiteElo "1884"]
[BlackElo "2446"]
[PlyCount "42"]
[EventDate "2020.06.02"]
[EventType "swiss (blitz)"]
[EventRounds "10"]
[EventCountry "USA"]
[SourceTitle "CBM 196 Extra"]
[Source "ChessBase"]
[SourceDate "2020.07.31"]
[SourceVersion "1"]
[SourceVersionDate "2020.07.31"]
[SourceQuality "1"]

1. e4 c6 2. d4 d5 3. Nc3 dxe4 4. Nxe4 Nf6 5. Nxf6+ exf6 6. Bf4 Bd6 7. Bxd6 Qxd6 8. Nf3 0-0 9. Be2 Qb4+ 10. Qd2 Qxb2 11. 0-0 Qa3 12. c4 Rd8 13. Rfd1 Bf5 14. Nh4 Be6 15. Rac1 Nd7 16. Rc3 Qa5 17. d5 cxd5 18. cxd5 Nc5 19. Bf3 Bxd5 20. Bxd5 Ne4 21. Bxf7+ Kxf7 0-1

[Event "Titled Tuesday intern op 6th June"]
[Site "Chess.com INT"]
[Date "2020.06.02"]
[Round "7"]
[White "Lopez Rueda, Juan Pablo"]
[Black "Terziev, Dimo"]
[Result "1-0"]
[WhiteElo "1884"]
[BlackElo "2167"]
[PlyCount "31"]
[EventDate "2020.06.02"]
[EventType "swiss (blitz)"]
[EventRounds "10"]
[EventCountry "USA"]
[SourceTitle "CBM 196 Extra"]
[Source "ChessBase"]
[SourceDate "2020.07.31"]
[SourceVersion "1"]
[SourceVersionDate "2020.07.31"]
[SourceQuality "1"]

1. e4 e6 2. d4 d5 3. e5 c5 4. c3 Nc6 5. a3 Qb6 6. Nf3 c4 7. Be2 Bd7 8. 0-0 Nge7 9. Nbd2 Na5 10. Rb1 Nb3 11. Nxb3 Ba4 12. Nfd2 Nc6 13. f4 Na5 14. Qe1 Nxb3 15. Bd1 Nxd2 16. Bxa4+ 1-0

[Event "Titled Tuesday intern op 19th May"]
[Site "Chess.com INT"]
[Date "2020.05.19"]
[Round "2"]
[White "Khomeriki, Nino"]
[Black "Lopez Rueda, Juan Pablo"]
[Result "1-0"]
[WhiteElo "2319"]
[BlackElo "1884"]
[PlyCount "113"]
[EventDate "2020.05.19"]
[EventType "swiss (blitz)"]
[EventRounds "10"]
[EventCountry "USA"]
[SourceTitle "EXT 2021"]
[Source "ChessBase"]
[SourceDate "2020.10.23"]
[SourceVersion "1"]
[SourceVersionDate "2020.10.23"]
[SourceQuality "1"]

1. d4 d5 2. c4 c6 3. cxd5 cxd5 4. Bf4 Nc6 5. Nc3 a6 6. e3 g6 7. Bd3 Bg7 8. Nf3 Nf6 9. h3 0-0 10. 0-0 b5 11. Rc1 Bb7 12. Qe2 Rc8 13. Ne5 Nxe5 14. Bxe5 e6 15. a4 b4 16. Nb1 a5 17. Nd2 Nd7 18. Bxg7 Kxg7 19. Nb3 Bc6 20. Bb5 Qb6 21. Bxc6 Rxc6 22. Qb5 Rfc8 23. Rxc6 Rxc6 24. Qxb6 Nxb6 25. Nc5 e5 26. b3 Nc8 27. Rb1 Ne7 28. Nb7 exd4 29. exd4 Ra6 30. g4 h5 31. Rc1 hxg4 32. hxg4 Rc6 33. Re1 Re6 34. Rxe6 fxe6 35. Nxa5 Kf6 36. Kf1 Kg5 37. Ke2 Kxg4 38. Nb7 Nc6 39. Kd3 Kf4 40. a5 Kf3 41. a6 Kxf2 42. Nd8 Nxd8 43. a7 Nf7 44. a8Q Nd6 45. Qf8+ Nf5 46. Qd6 Ne3 47. Qf8+ Nf5 48. Qxb4 g5 49. Qd2+ Kf3 50. Qxg5 Ng3 51. Qe3+ Kg4 52. Qxe6+ Nf5 53. Qxd5 Kf4 54. Qe5+ Kg5 55. d5 Kg6 56. d6 Nxd6 57. Qxd6+ 1-0

[Event "Titled Tuesday intern op 19th May"]
[Site "Chess.com INT"]
[Date "2020.05.19"]
[Round "6"]
[White "Petrova, Irina"]
[Black "Lopez Rueda, Juan Pablo"]
[Result "1-0"]
[WhiteElo "2087"]
[BlackElo "1884"]
[PlyCount "127"]
[EventDate "2020.05.19"]
[EventType "swiss (blitz)"]
[EventRounds "10"]
[EventCountry "USA"]
[SourceTitle "EXT 2021"]
[Source "ChessBase"]
[SourceDate "2020.10.23"]
[SourceVersion "1"]
[SourceVersionDate "2020.10.23"]
[SourceQuality "1"]

1. d4 d5 2. Bf4 Nf6 3. e3 g6 4. c4 c6 5. Nc3 Bg7 6. Nf3 Nbd7 7. h3 0-0 8. cxd5 Nxd5 9. Nxd5 cxd5 10. Bd3 Re8 11. 0-0 e5 12. dxe5 Nxe5 13. Nxe5 Bxe5 14. Bxe5 Rxe5 15. Rc1 Bd7 16. Qb3 Bc6 17. Rfd1 Qe7 18. Bb5 Rc8 19. Qa4 Re4 20. Qxa7 Qb4 21. Bxc6 bxc6 22. Qd7 Rb8 23. b3 Ra8 24. Rxc6 Rxa2 25. Qxd5 Qe7 26. b4 Rb2 27. b5 Reb4 28. Rc5 Qf6 29. Qd8+ Qxd8 30. Rxd8+ Kg7 31. Rb8 h5 32. Rb7 Rd2 33. Rcc7 Rb1+ 34. Kh2 Rxf2 35. Rc5 h4 36. Rg5 Rfb2 37. e4 Kh6 38. Rg4 Rxb5 39. Rxb5 Rxb5 40. Rxh4+ Kg7 41. Rf4 Rb3 42. Rf3 Rb4 43. Re3 Kf6 44. Kg3 Ke5 45. Kf3 g5 46. Ra3 Kf6 47. Ra6+ Kg7 48. Ra5 f6 49. e5 Rf4+ 50. Kg3 Rf5 51. exf6+ Rxf6 52. Rxg5+ Rg6 53. Rxg6+ Kxg6 54. Kg4 Kh6 55. g3 Kg6 56. h4 Kh6 57. Kf5 Kh5 58. g4+ Kxh4 59. g5 Kh5 60. g6 Kh6 61. Kf6 Kh5 62. g7 Kh6 63. g8Q Kh5 64. Qg5# 1-0

[Event "Titled Tuesday intern op 12th May"]
[Site "Chess.com INT"]
[Date "2020.05.12"]
[Round "5"]
[White "Lopez Rueda, Juan Pablo"]
[Black "Vakhidov, Shahzod"]
[Result "1-0"]
[WhiteElo "1884"]
[BlackElo "2312"]
[PlyCount "87"]
[EventDate "2020.05.12"]
[EventType "swiss (blitz)"]
[EventRounds "10"]
[EventCountry "USA"]
[SourceTitle "EXT 2021"]
[Source "ChessBase"]
[SourceDate "2020.10.23"]
[SourceVersion "1"]
[SourceVersionDate "2020.10.23"]
[SourceQuality "1"]

1. e4 g6 2. d4 Bg7 3. Nf3 d6 4. c4 e5 5. dxe5 dxe5 6. Qxd8+ Kxd8 7. Nc3 Nc6 8. Be3 Nd4 9. 0-0-0 c5 10. Bxd4 exd4 11. Nd5 Ne7 12. Bd3 Nxd5 13. exd5 Bg4 14. Rhe1 Kd7 15. Re4 Bxf3 16. gxf3 Rhe8 17. Rde1 f5 18. Re6 Bh6+ 19. Kc2 Bf4 20. h3 Rxe6 21. Rxe6 Re8 22. Rxe8 Kxe8 23. Kb3 Bd2 24. Ka4 a6 25. a3 Be1 26. b4 cxb4 27. axb4 Kd7 28. c5 Bxf2 29. b5 axb5+ 30. Kxb5 Be1 31. Kb6 Bb4 32. Kb5 Ba3 33. Kc4 Bb2 34. Bc2 Kc7 35. Ba4 d3 36. Kxd3 Be5 37. Kc4 g5 38. Bc2 b6 39. d6+ Kc6 40. Ba4+ Kb7 41. c6+ Kc8 42. Kd5 Bf6 43. Bc2 b5 44. Bxf5+ 1-0

[Event "Titled Tuesday intern op 12th May"]
[Site "Chess.com INT"]
[Date "2020.05.12"]
[Round "8"]
[White "Lopez Rueda, Juan Pablo"]
[Black "Wanyama, Harold"]
[Result "0-1"]
[WhiteElo "1884"]
[BlackElo "2312"]
[PlyCount "68"]
[EventDate "2020.05.12"]
[EventType "swiss (blitz)"]
[EventRounds "10"]
[EventCountry "USA"]
[SourceTitle "EXT 2021"]
[Source "ChessBase"]
[SourceDate "2020.10.23"]
[SourceVersion "1"]
[SourceVersionDate "2020.10.23"]
[SourceQuality "1"]

1. e4 c5 2. Nf3 d6 3. Bb5+ Bd7 4. Bxd7+ Qxd7 5. Nc3 g6 6. d3 Bg7 7. 0-0 Nc6 8. h3 Nf6 9. Re1 e5 10. Bg5 h6 11. Bxf6 Bxf6 12. Nd5 Bd8 13. Nd2 f5 14. a4 0-0 15. Nc4 Qe6 16. a5 a6 17. Ncb6 Rb8 18. c3 Kh7 19. f3 Bh4 20. Rf1 Rf7 21. f4 fxe4 22. dxe4 Rbf8 23. Qg4 Qxg4 24. hxg4 exf4 25. Nc4 Ne5 26. Nxd6 Rd7 27. Nxf4 Rxd6 28. Nd5 Rdd8 29. Rad1 Nxg4 30. Rf3 Kg7 31. Rdf1 Ne5 32. Rxf8 Rxf8 33. Rxf8 Kxf8 34. b3 Nc6 0-1

[Event "Titled Tuesday intern op 12th May"]
[Site "Chess.com INT"]
[Date "2020.05.12"]
[Round "2"]
[White "Reprintsev, Alexander"]
[Black "Lopez Rueda, Juan Pablo"]
[Result "1-0"]
[WhiteElo "2353"]
[BlackElo "1884"]
[PlyCount "109"]
[EventDate "2020.05.12"]
[EventType "swiss (blitz)"]
[EventRounds "10"]
[EventCountry "USA"]
[SourceTitle "EXT 2021"]
[Source "ChessBase"]
[SourceDate "2020.10.23"]
[SourceVersion "1"]
[SourceVersionDate "2020.10.23"]
[SourceQuality "1"]

1. e4 c5 2. b3 Nc6 3. Bb2 d6 4. f4 e6 5. Nc3 Nf6 6. Qe2 Be7 7. 0-0-0 0-0 8. g4 Nd4 9. Qg2 d5 10. g5 Nxe4 11. Nxe4 dxe4 12. Qxe4 Qd5 13. Bd3 Qxe4 14. Bxe4 f6 15. Bxd4 cxd4 16. Nf3 Bc5 17. b4 Bb6 18. g6 h6 19. f5 a5 20. b5 exf5 21. Bd5+ Kh8 22. Rde1 Bc5 23. a4 Rb8 24. Rhf1 Bd7 25. Nh4 b6 26. Bc6 Bxc6 27. bxc6 Rfc8 28. Re6 b5 29. axb5 Rxb5 30. Rfe1 Ba3+ 31. Kd1 Rb1+ 32. Ke2 Rxe1+ 33. Kxe1 Kg8 34. Nxf5 Bc5 35. c7 Rxc7 36. Re8+ Bf8 37. Ra8 a4 38. Rxa4 Rc5 39. Nxd4 Rg5 40. Ra8 Rxg6 41. Ne6 Kf7 42. Nxf8 Rg2 43. h4 g5 44. hxg5 fxg5 45. Nd7 Ke6 46. Nc5+ Kf5 47. Rf8+ Kg6 48. Ne4 h5 49. Nxg5 Rxg5 50. Rg8+ Kf5 51. Rxg5+ Kxg5 52. Kf2 Kg4 53. Kg2 h4 54. c4 Kf4 55. d3 1-0